Women in dictionary interpreting interpretations : (Record no. 92982)

MARC details
000 -LEADER
fixed length control field 00681nam a22001937a 4500
005 - DATE AND TIME OF LATEST TRANSACTION
control field 20150521143711.0
010 ## - LCCN (DPL NO)
LC control number ENG-112709
020 ## - INTERNATIONAL STANDARD BOOK NUMBER
International Standard Book Number 9788172132279
Terms of availability 550.00
035 ## - SYSTEM CONTROL NUMBER
System control number EN-96241
037 ## - SOURCE OF ACQUISITION
Source of stock number/acquisition DBAD/PUB
082 ## - DEWEY DECIMAL CLASSIFICATION NUMBER
Classification number 305.403
100 ## - MAIN ENTRY--PERSONAL NAME
Personal name Hazarika, Karabi
245 ## - TITLE STATEMENT
Title Women in dictionary interpreting interpretations :
Statement of responsibility, etc by Karabi Hazarika
Remainder of title with special reference to a few selected dictionaries over the centuries /
260 ## - PUBLICATION, DISTRIBUTION, ETC. (IMPRINT)
Place of publication, distribution, etc Guwahati
Name of publisher, distributor, etc Purbanchal Prakash
Date of publication, distribution, etc 2014
270 ## - ADDRESS
Address H.N.2, Sewjee Path, Wireless,
City Guwahati
Postal code 781001
300 ## - PHYSICAL DESCRIPTION
Extent 224p.
Dimensions 23cm(Hb)
500 ## - GENERAL NOTE
General note Includes bibliographical references
942 ## - ADDED ENTRY ELEMENTS (KOHA)
Source of classification or shelving scheme Dewey Decimal Classification
Item type English Books
Call number suffix HAZ
Classification part 305.403
Holdings
Withdrawn status Lost status Not for loan Collection code Home library Current library Date acquired Source of acquisition Cost, normal purchase price Full call number Barcode Copy number Cost, replacement price Koha item type
    Not For Loan Non-fiction D.B.Act.Division D.B.Act.Division 15/04/2015 DBAD/PUB 550.00 305.403 HAZ EN-96241 1 550.00 English Books

© Delhi Public Library
Hit Counter
free hit counter